00868nam a2200217 i 4500001000300000100001800003245011200021260006900133300003600202504002600238521012900264650001400393655003000407700002200437020001500459040000800474041000800482080002100490008004100511856009800552bg1 aGÓRSKA, Ewa10aErgonomia i organizacja stanowisk roboczych :bćwiczenia laboratoryjne /cEwa Górska, Halina Juchełko. aWarszawa :bOficyna Wydawnicza Politechniki Warszawskiej,c1994. a123 s. :brys., wykr. ;c24 cm. aBibliogr. przy rozdz. aDla studentów Politechniki Warszawskiej kierunku Zarządzanie i Marketing oraz studentów IV r. Wydziałów MTiA, SiMR. 9aErgonomia aPodręczniki akademickie1 aJUCHEŁKO, Halina a8385912053 cBPK0 apol a331.101.1(075.8) s pl f |000 0 pol  uhttp://koha.tu.koszalin.pl/cgi-bin/koha/opac-detail.pl?biblionumber=24688yKatalog online BPK